000 00649nam a22001577a 4500
003 OSt
005 20151224104228.0
008 151224b xxu||||| |||| 00| 0 eng d
040 _cRUA
082 _aAED KHO 2012 B261 Or.1
100 _95509
_aKHOV, TECHKIM.
245 _alivelihood in oudomsorya commune, tramkok district, takeo province(កម្រិតជីវភាពរស់នៅរបស់ប្រជាពលរដ្ឋ នៅឃុំឧត្តមសូរិយា ស្រុកត្រាំកក់ ខេត្តតាកែវ)
260 _aPhnom Penh
_bRUA
_c2012
300 _axi, 40p.
_bill.
_c29cm.
942 _2ddc
_cAED
999 _c5127
_d5127